Connaissance du café - Statistiques

Statistiques générales
  • Ce quiz a été pris 96 fois
  • Le résultat moyen est 7 sur 17
Statistiques - réponses
question répondre % Correct
Dans quel pays l'espresso a-t-il été inventé? Italie
94%
Quel est le mot anglais pour le café? coffee
91%
Quel stimulant trouve-t-on dans le café? caféine
86%
Quel pays cultive le plus de café? Brésil
84%
Nommez les deux espèces de café les plus cultivées d'Arabie
68%
Quel ingrédient supplémentaire trouvez-vous dans l'Irish Coffee? whisky
60%
Nommez les deux espèces de café les plus cultivées Robusta
40%
Quel est l'ustensile de cuisine utilisé pour faire du café en faisant passer de l'eau chaude dans du café moulu? cafetière
37%
Qu'est-ce que, à cause d'une rancune politique, beaucoup de Grecs appellent "café grec"? café {turc}
30%
Dans quelle ville Starbucks a-t-il commencé? Seattle
19%
Quelle liqueur est utilisée pour préparer un brûlot charentais? cognac
15%
Quelle boisson est née en Australie et en Nouvelle-Zélande dans les années 1980, comme alternative au cappuccino? flat white
10%
Quel est le seul état des États-Unis dans lequel le café est cultivé? Hawaii
10%
Dans quel pays le café a-t-il d'abord été consommé en tant que boisson? Yémen
10%
Qu'est-ce qui, en plus du café, entre dans un affogato? crème glacée
7%
Quels cafés célèbres ont accueilli de nombreux notables, dont Sigmund Freud, Leon Trotsky et Gustav Klimt? Vienne
6%
Quelle est la plus grande chaîne de cafés parisiens? Illy {Expressamente}
0%
Aucun quiz correspondant
Distribution des résultats
% des personnes avec chaque résultat
Percentile par nombre de réponses
Votre historique - résultats
Vous n’avez pas pris ce quiz